000 01758nam a22002777a 4500
001 53750
003 AR-BaAGN
005 20240205150219.0
007 ta
008 240130b ag ||||| |||| 00| 0 spa d
020 _a978-987-85-1378-2
040 _aAR-BaAGN
_bspa
_dAR-BaAGN
_dAR-BaAGN
_dAR-BaAGN
_dAR-BaAGN
_dAR-BaAGN
_eaacr
100 1 _aRetamal, Adelina
_97467
_eaut
245 1 0 _aDe donde vengo :
_bel exilio y la pérdida de identidad /
_cAdelina Retamal.
250 _a1a ed.
260 _aCiudad Autónoma de Buenos Aires :
_bdunken,
_c2021.
300 _a337 páginas :
_bfotografías color ;
_c24 cm.
336 _btxt
_2rdacontent
337 _bn
_2rdamedia
338 _bnc
_2rdacarrier
520 1 _aCreo que todo lo que estudié e investigué fue, sin darme cuenta, la búsqueda de una comprensión sobre la historia de mi vida. Para entender el desarraigo de mi padre, de la País Vasco hasta la Patagonia, analicé la situación geopolítica, geográfica y económica de Cantabria y del País Vasco. Muchas preguntas me hice y traté de responder sobre los migrantes, cuáles fueron sus motivaciones, que los impulsó y cómo lo resolvieron. Al estudiar la historia de mi familia, investigando para realizar los árboles genealógicos, encontré ciertas similitudes que explican mi propia historia: los niños criados (no adoptados) por familiares, se repiten con regularidad. He tenido dos madres y dos padres. Si bien recibí mucho amor, también he sufrido rechazos y he tenido que resolver situaciones relacionadas con mi identidad. Bienvenidos a mi historia, y a la historia de mi familia… (Descripción del autor)
650 4 _aGENEALOGÍA
_91370
650 4 _aMIGRACIÓN
_91828
942 _cLIBRO
_n0
999 _c53750
_d53750